|
|
|
|
| LEADER |
02069ncm a2200577 i 4500 |
| 001 |
nkc20172918857 |
| 003 |
CZ PrNK |
| 005 |
20260224110217.0 |
| 007 |
ta |
| 008 |
170726s2016 xr zza g nn zxx |
| 015 |
|
|
|a cnb002918857
|
| 024 |
2 |
|
|a 979-0-706556-13-0
|q (brožováno)
|
| 040 |
|
|
|a BOA001
|b cze
|e rda
|
| 043 |
|
|
|a e-xr---
|
| 045 |
|
|
|a y-y-
|
| 048 |
|
|
|a tb01
|
| 072 |
|
7 |
|a 787
|x Hudba pro strunné a smyčcové nástroje
|2 Konspekt
|9 9
|
| 080 |
|
|
|a 780.614.131.02
|2 MRF
|
| 080 |
|
|
|a 78.087.5
|2 MRF
|
| 080 |
|
|
|a 78.036.011.26
|2 MRF
|
| 080 |
|
|
|a 78.089.6
|2 MRF
|
| 100 |
1 |
|
|a Kozák, Ondra,
|d 1984-
|7 xx0147701
|4 aut
|
| 245 |
1 |
0 |
|a Bluegrass & country :
|b škola hry na akustickou kytaru pro mírně pokročilé /
|c Ondra Kozák & Ralph Schut
|
| 250 |
|
|
|a První vydání
|
| 264 |
|
1 |
|a Cheb :
|b G+W,
|c 2016
|
| 300 |
|
|
|a 39 stran ;
|c 30 cm +
|e 1 DVD
|
| 336 |
|
|
|a zápis hudby
|b ntm
|2 rdacontent
|
| 336 |
|
|
|a dvojrozměrný pohyblivý obraz
|b tdi
|2 rdacontent
|
| 337 |
|
|
|a bez média
|b n
|2 rdamedia
|
| 337 |
|
|
|a video
|b v
|2 rdamedia
|
| 338 |
|
|
|a svazek
|b nc
|2 rdacarrier
|
| 338 |
|
|
|a videodisk
|b vd
|2 rdacarrier
|
| 382 |
0 |
1 |
|a kytara
|n 1
|s 1
|
| 648 |
|
7 |
|a 21. století
|7 ch460559
|2 czenas
|
| 650 |
0 |
7 |
|a hra na kytaru
|7 ph135166
|z Česko
|y 21. století
|2 czenas
|
| 650 |
0 |
9 |
|a guitar playing
|z Czechia
|y 21st century
|2 eczenas
|
| 655 |
|
7 |
|a instruktivní skladby
|7 fd993498
|2 czenas
|
| 655 |
|
7 |
|a bluegrass
|7 fd992887
|2 czenas
|
| 655 |
|
7 |
|a country music
|7 fd992885
|2 czenas
|
| 655 |
|
7 |
|a tabulatury
|7 fd186712
|2 czenas
|
| 655 |
|
9 |
|a instructive compositions
|2 eczenas
|
| 655 |
|
9 |
|a bluegrass music
|2 eczenas
|
| 655 |
|
9 |
|a country music
|2 eczenas
|
| 655 |
|
9 |
|a tabulatures
|2 eczenas
|
| 700 |
1 |
|
|a Schut, Ralph,
|d 1982-
|7 xx0122958
|4 aut
|
| 910 |
2 |
|
|a BOA001
|b Mus4-1389.850
|
| 990 |
|
|
|a MU
|
| 995 |
|
|
|a 60
|
| 991 |
|
|
|b 201708
|c NOV
|
| 996 |
6 |
|
|b 2610714639
|c Mus4-1389.850
|l MZK
|r Sklad / do 1 hodiny
|n 0
|p p.v.
|w 001622766
|u 000010
|a 1
|e BOA001
|j MZK50
|s P
|
| 996 |
7 |
|
|b 2610715777
|c Mus4-1389.850
|l MZK
|r Sklad / do 1 hodiny
|n 2
|p kup
|w 001622766
|u 000020
|a 1
|e BOA001
|j MZK50
|s A
|